[Event "Magistral Pamplona"]
[Site "Pamplona "]
[Date "2008.12.28"]
[Round "6"]
[White "Vallejo Pons, Francisco"]
[Black "Nepomniachtchi, Ian"]
[Result "1-0"]
[WhiteElo "2664"]
[BlackElo "2616"]
[PlyCount "49"]
[EventDate "2008.12.22"]
[EventType "tourn"]
[EventRounds "7"]
[EventCategory "16"]
[Source "Mark Crowther"]
[SourceDate "2008.01.14"]

{B23: Sizilianisch (Geschlossenes System)} 1. e4 c5 2. Nc3 a6 3. Nge2 d6 4. g3
b5 5. Bg2 Bb7 6. d4 cxd4 (6... b4 7. Na4 Nd7 8. c3 Ngf6 9. cxb4 cxb4 10. d5 g6
11. Nd4 Bg7 12. Nc6 Qc7 13. O-O Bxc6 14. dxc6 Ne5 15. Be3 Qxc6 16. f4 Nc4 17.
Bd4 e5 18. Rc1 exd4 19. b3 O-O 20. Rxc4 Qb5 21. Rxd4 {Rublevsky,S (2645)
-Areshchenko,A (2595)/Warschau 2005/1/2-1/2}) 7. Nxd4 e6 8. O-O b4 (8... Be7 9.
Re1 Nd7 10. a4 b4 11. Na2 a5 12. c3 bxc3 13. Nxc3 Nc5 14. Ndb5 Nf6 15. Bf4 Ra6
16. e5 dxe5 17. Bxb7 Nxb7 18. Bxe5 O-O 19. Qe2 Nc5 20. Red1 Qb6 21. Qc4 Ncd7
22. Bd6 Bxd6 23. Rxd6 {Kosov,I (2379)-Alonso Roselli,A (2285)/Sibenik 2007/1/
2-1/2}) 9. Nd5 $146 (9. Na4 Nd7 10. a3 a5 11. Re1 Ne7 12. axb4 axb4 13. Nb5 Nc8
14. Qd4 Qa5 15. c4 bxc3 16. Nbxc3 Ne5 17. b4 Qc7 18. Bf4 Be7 19. Rac1 Qb8 20.
b5 O-O 21. Red1 Nd7 22. Be3 Bd8 23. Qb4 Ba5 {Slobodjan,R (2561)-Van Wely,L 
(2646)/ 2000/1-0}) (9. Na4 $5 $16) 9... exd5 $11 10. exd5 Bc8 11. Re1+ Be7 12.
c4 (12. Bf4 Ra7 $14) 12... Kf8 (12... bxc3 13. bxc3 Qc7 14. Rb1 $14) 13. a3
bxa3 14. Rxa3 Bg5 $4 (14... h6 $142 $14) 15. Bxg5 $18 Qxg5 16. Ne6+ $1 fxe6 17.
dxe6 d5 (17... Ra7 18. Qxd6+ Qe7 19. Qxb8 Qc7 20. e7+ Nxe7 21. Rf3+ Ke8 $18)
18. Rf3+ Nf6 19. h4 Qg6 20. Qxd5 Ra7 21. e7+ $1 Rxe7 22. Rxe7 Qb1+ (22... Kxe7
23. Re3+ Ne4 24. Rxe4+ (24. Qxe4+ $143 Qxe4 25. Rxe4+ Kd6 $17) 24... Qxe4 25.
Qxe4+ Kd8 26. Qd5+ Nd7 27. Qg5+ Ke8 28. Qxg7 $18) 23. Kh2 Kxe7 24. Re3+ Be6 (
24... Qe4 25. Rxe4+ Nxe4 26. Qxe4+ Kd8 27. Qd4+ Nd7 $18) 25. Qxe6+ (25. Qxe6+
Kf8 26. Qe7+ Kg8 27. Bd5+ Nxd5 28. Qe8#) 1-0

[Event "Pearl Spring"]
[Site "Nanjing CHN"]
[Date "2008.12.20"]
[Round "9"]
[White "Svidler, Peter"]
[Black "Topalov, Veselin"]
[Result "0-1"]
[WhiteElo "2727"]
[BlackElo "2791"]
[PlyCount "72"]
[EventDate "2008.12.11"]
[EventType "tourn"]
[EventRounds "10"]
[EventCountry "CHN"]
[EventCategory "21"]
[Source "Mark Crowther"]
[SourceDate "2008.01.14"]

{B12: Caro-Kann (Vorstoss-Variante)} 1. e4 c6 2. d4 d5 3. e5 Bf5 4. Nf3 e6 5.
Be2 c5 6. Be3 Nd7 7. Nbd2 (7. c4 Ne7 8. Nc3 dxc4 9. Bxc4 Nc6 10. d5 exd5 11.
Bxd5 Nb6 12. Be4 Bxe4 13. Nxe4 Nc4 14. Qb3 Qa5+ 15. Bd2 Nxd2 16. Nexd2 Qb4 17.
Qc2 Be7 18. O-O O-O 19. a3 Nd4 20. Nxd4 Qxd4 21. Nf3 Qg4 {Short,N (2645)
-Ivanchuk,V (2740)/Dortmund 1995/1/2-1/2}) 7... c4 8. a4 $146 (8. O-O Ne7 9. c3
Nc6 10. b3 b5 11. a4 a6 12. Bg5 Qc8 13. Nh4 Bg6 14. Bg4 Bd3 15. Re1 Be7 16.
Bxe7 Nxe7 17. Re3 O-O 18. f4 Ng6 19. Nxg6 hxg6 20. h4 Re8 21. Nf3 bxa4 22. Rxa4
Rb8 {Hrabusa,M (2246)-Vranova,J (1815)/Stare Mesto CZE 2008/1-0}) (8. c3 b5 9.
O-O Nh6 10. Ne1 Bg6 11. g4 f6 12. exf6 gxf6 13. Ng2 Nb6 14. b3 Nf7 15. a4 Nd6
16. axb5 Nxb5 17. Qc1 Qc7 18. bxc4 dxc4 19. Qb2 Nd6 20. Bf3 Rb8 21. Qa2 Nb5 22.
Qa5 Qd7 {Alekseev,E (2715)-David,A (2585)/Kallithea 2008/1-0}) 8... h6 9. b3
cxb3 10. Nxb3 Rc8 11. Ra2 Qc7 12. Bd3 Bxd3 13. Qxd3 Ne7 14. O-O Qc4 15. Rb1 b6
16. Qf1 Nc6 17. c3 (17. Qxc4 $5 dxc4 18. Nc1 $11) 17... Qxc3 $15 18. a5 Be7 (
18... Qc4 19. Qd1 $15) 19. axb6 axb6 (19... Nxb6 $143 20. Nbd2 Nb8 21. Rxa7 $11
) 20. Qd1 Qc4 (20... Nb4 21. Ra7 Qd3 22. Nbd2 $15) 21. Nc1 (21. Rc1 $5 Qb4 22.
Rb1 $11) 21... Nb4 $15 22. Ra7 Qc2 23. Qxc2 Nxc2 24. Bd2 (24. Nd3 $5 $15) 24...
Na3 $17 25. Ra1 Nc4 26. Rb7 (26. Nd3 Nb8 $17) 26... Nb8 27. Ra8 (27. Ne2 Nc6
$17) 27... O-O 28. Raxb8 Nxd2 29. Rxc8 Nxf3+ 30. gxf3 Rxc8 31. Ne2 Bd8 32. f4
g6 33. Kg2 Kf8 34. Kf3 Ra8 35. Ke3 $2 (35. Nc1 $142 $5 $19) 35... Ra3+ 36. Kd2
Bh4 (36... Bh4 37. Nc3 Rb3 38. Rb8+ Kg7 $19) 0-1

[Event "FIDE Grand Prix 2008"]
[Site "Elista, Russia"]
[Date "2008.12.17"]
[Round "?"]
[White "Bacrot, Etienne"]
[Black "Leko, Peter"]
[Result "1-0"]
[WhiteElo "2705"]
[BlackElo "2747"]
[PlyCount "61"]
[EventDate "2008.??.??"]
[Source "Mark Crowther"]
[SourceDate "2008.01.14"]

{B19: Caro-Kann (Hauptvariante)} 1. e4 c6 2. d4 d5 3. Nc3 dxe4 4. Nxe4 Bf5 5.
Ng3 Bg6 6. h4 h6 7. Nf3 Nd7 8. h5 Bh7 9. Bd3 Bxd3 10. Qxd3 e6 11. Bf4 Qa5+ 12.
Bd2 Bb4 13. c3 Be7 14. c4 Qc7 15. O-O-O Ngf6 16. Ne4 O-O (16... b5 17. Nxf6+
Nxf6 18. Ne5 bxc4 19. Qxc4 O-O 20. Kb1 c5 21. Nd3 Rfc8 22. Rc1 Ne4 23. Be3 Nd6
24. Qa4 c4 25. Nc5 Qb6 26. Rc2 a6 27. Rd1 Qb5 28. Qxb5 axb5 29. d5 Nf5 30. Ne4
Rd8 31. Rcd2 {Sadvakasov,D (2605)-Riazantsev,A (2608)/Sochi 2005/1-0}) 17. g4
$146 (17. Rdg1 c5 18. Nxc5 Nxc5 19. dxc5 Ng4 20. Qd4 f5 21. Bf4 Qxc5 22. Rf1
Rac8 23. Qxc5 Bxc5 24. Bg3 f4 25. Bh4 Rf5 26. Re1 Bxf2 27. Rxe6 Rxc4+ 28. Kb1
Rxh5 29. Re8+ Kh7 30. Re7 Ne3 31. b3 Rc8 {Petr,M (2397)-Krzesaj,R (2275)/
Pardubice 2006/0-1}) (17. Nxf6+ Nxf6 18. g4 Nxg4 19. Rhg1 (19. Rdg1 f5 20. Qe2
Rae8 21. Ne5 Nxe5 22. dxe5 f4 23. Qe4 Bg5 24. f3 Rf5 25. Bc3 Rd8 26. Rd1 Qf7
27. c5 Rd5 28. Rxd5 exd5 29. Qb4 Bd8 30. Re1 Qe7 31. e6 b6 32. Qa4 Qxc5 33. Kb1
Be7 {Hambartsumian,Y (2387)-Kjartansson,G (2324)/Yerevan 2007/1-0}) 19... f5
20. Ne5 Nxf2 21. Qe2 Nxd1 22. Bxh6 Bf6 23. Bxg7 Kh7 24. h6 Qd8 25. Qxd1 Bxe5
26. Bxe5 Rg8 27. Bg7 Qh4 28. Qe2 Rae8 29. Qe5 c5 30. Rd1 cxd4 31. Rxd4 Qg5+ {
Mijovic,A (2198)-Franciskovic,B (2227)/Kreta 2007/1-0}) (17. Nxf6+ $5 Nxf6 18.
Ne5 $11) 17... Nxg4 $15 18. Qe2 f5 (18... Rae8 19. Kb1 $11) 19. Rdg1 (19. Ng3
$5 Qd6 20. Kb1 $11) 19... Rae8 $17 20. Ne1 (20. Ng3 Bd6 $17) 20... e5 21. Ng3
exd4 (21... Bg5 22. Nxf5 Bxd2+ 23. Qxd2 Rxf5 24. Rxg4 $17) 22. Nxf5 Rxf5 (22...
Bg5 23. Qxg4 Ne5 24. Nxh6+ Bxh6 25. Qd1 $17) 23. Qxg4 $15 Rf7 (23... Rg5 24.
Bxg5 Bxg5+ 25. Kb1 $15) 24. Bxh6 $11 Bf6 25. Bd2 Ne5 (25... b5 26. h6 Nf8 27.
cxb5 cxb5+ 28. Kb1 $14) 26. Qe2 d3 27. Qe4 Qb6 28. b3 Qc5 (28... Rfe7 $142 $5
29. Qf4 Nd7 $11) 29. h6 $16 Qa3+ (29... Rd7 30. hxg7 Rxg7 31. Rxg7+ Bxg7 32. f4
Qa3+ 33. Kb1 Qb2+ 34. Kxb2 Nxc4+ 35. Kc1 Rxe4 36. bxc4 Rxc4+ 37. Kb1 $18) 30.
Kd1 Qxa2 $4 (30... Qe7 $142 $16) 31. Qh7+ $3 (31. Qh7+ Kf8 (31... Kxh7 32.
hxg7+ Kg8 33. Rh8#) 32. Bb4+ c5 33. Bxc5+ Rfe7 34. hxg7+ Bxg7 35. Qxg7#) 1-0

[Event "77th ch-UKR"]
[Site "Poltava UKR"]
[Date "2008.12.05"]
[Round "4"]
[White "Nyzhnyk, Illya"]
[Black "Kuzubov, Yuriy"]
[Result "1-0"]
[WhiteElo "2444"]
[BlackElo "2622"]
[PlyCount "79"]
[EventDate "2008.12.02"]
[EventType "swiss"]
[EventRounds "9"]
[EventCountry "UKR"]
[Source "Mark Crowther"]
[SourceDate "2008.01.14"]

{B53: Sizilianisch (Ungarische Variante)} 1. e4 c5 2. Nf3 d6 3. d4 Nf6 4. dxc5
Nxe4 5. cxd6 Nc6 6. Na3 Nxd6 (6... Bg4 7. h3 Bh5 8. Nb5 exd6 9. Be2 d5 10. Qxd5
Qa5+ 11. c3 Nf6 12. Qc4 Bxf3 13. Bxf3 Ne5 14. Qe2 O-O-O 15. Qxe5 Re8 16. Qxe8+
Nxe8 17. Bg4+ Kb8 18. Bf4+ Ka8 19. a4 g5 20. Bxg5 a6 21. O-O {Graf,A (2624)
-Banikas,H (2520)/Fuerth 2002/1-0}) 7. Bf4 Bg4 $146 (7... e6 8. Qd2 f6 9. O-O-O
e5 10. Nb5 Nxb5 11. Qxd8+ Nxd8 12. Bxb5+ Nc6 13. Bxe5 fxe5 14. Nxe5 a6 15. Ba4
b5 16. Nxc6 bxa4 17. Rhe1+ Kf7 18. Rd8 g6 19. Kb1 Rg8 20. Ree8 Bb7 21. Ne5+ Kf6
22. Nd7+ {Fernandez Romero,E (2434)-Rodriguez Lopez,R (2260)/Andorra 2003/1-0})
(7... Qa5+ 8. Qd2 Qxd2+ 9. Bxd2 e5 10. Nb5 Nxb5 11. Bxb5 Bd7 12. O-O f6 13. a4
a6 14. Bc4 Nb4 15. c3 Rc8 16. b3 Nc6 17. Bd5 Nd8 18. b4 Bc6 19. Bb3 Be7 20.
Rfc1 Bd7 21. Be3 Be6 22. Rab1 {Fernandez Romero,E (2425)-Suba,M (2522)/Dos
Hermanas 2004/1/2-1/2}) (7... Qb6 8. Nc4 Nxc4 9. Bxc4 Qb4+ 10. Nd2 $15) 8. h3
Bh5 (8... e5 9. hxg4 exf4 10. Qe2+ Qe7 11. Nb5 $11) 9. Qd5 Bxf3 10. Qxf3 e5 11.
Be3 Qa5+ 12. c3 Qa4 (12... Nd4 13. Qd1 $14) 13. Rd1 O-O-O 14. Rd5 Be7 15. Be2
f5 16. O-O Qe4 17. Rfd1 Qxf3 18. Bxf3 (18. gxf3 $143 f4 19. Bc1 Nf7 $11) 18...
Kc7 $4 (18... Rhf8 $142 $14) 19. Rxd6 $1 $18 Bxd6 (19... Rxd6 20. Nb5+) (19...
Bxd6 20. Nb5+) 20. Nb5+ Kb8 21. Nxd6 Rhf8 22. Bc5 Rf6 23. Bxc6 (23. g4 g6 $18)
23... bxc6 24. Rd2 g5 (24... Kc7 25. Nc4 Rxd2 26. Nxd2 $18) 25. Kf1 Kc7 26. Nc4
Rxd2 27. Nxd2 a6 28. Nf3 g4 (28... Rg6 29. Nxe5 Re6 30. Nd3 $18) 29. Nxe5 gxh3
30. gxh3 Rh6 31. Kg2 Rh4 (31... Re6 32. f4 $18) 32. f3 Rh6 33. f4 Re6 34. a4
Re8 35. a5 Rg8+ 36. Kf3 Kb7 (36... Re8 37. Nd3 $18) 37. b4 (37. Nf7 Kc7 38. Nh6
Rg6 39. Nxf5 Kd7 $18) 37... Re8 (37... Kc7 38. Bd4 $18) 38. Bd4 (38. Nf7 Kc7
$18) 38... Rg8 (38... Re6 39. Nd7 $18) 39. Nd7 h6 (39... Kc7 40. Nf6 Rg6 41.
Nxh7 $18) 40. Bb6 (40. Bb6 Ka8 41. Nc5 Rg1 42. Nxa6 Rd1 43. Bd4 Rd3+ 44. Kg2
Rd2+ 45. Kg3 Rd3+ 46. Kh4 Rf3 47. Be5 Kb7 48. Nc5+ Ka7 $18) 1-0

[Event "Bundesliga 2008-9"]
[Site "Emsdetten GER"]
[Date "2008.11.28"]
[Round "7"]
[White "Hracek, Zbynek"]
[Black "Spoelman, Wouter"]
[Result "0-1"]
[WhiteElo "2613"]
[BlackElo "2459"]
[PlyCount "72"]
[EventDate "2008.10.03"]
[EventType "team"]
[EventRounds "15"]
[EventCountry "GER"]
[Source "Mark Crowther"]
[SourceDate "2008.01.14"]

{B51: Sizilianisch (Rossolimo-Variante)} 1. e4 c5 2. Nf3 d6 3. Bb5+ Nc6 4. O-O
Bd7 5. Re1 Nf6 6. c3 a6 7. Ba4 b5 8. Bc2 Bg4 9. a4 g6 $146 (9... b4 10. d4 cxd4
11. cxd4 e5 12. d5 Nd4 13. Bd3 Nh5 14. Be3 Nxf3+ 15. gxf3 Bh3 16. Qe2 Qf6 17.
Kh1 Be7 18. Rg1 h6 19. Nd2 O-O 20. Bxa6 Nf4 21. Bxf4 Qxf4 22. Bd3 Bg5 23. Nc4
Rfd8 24. b3 {Picado,J (2219)-Waqar,M (2207)/Dresden GER 2008/0-1}) (9... Rb8
10. axb5 axb5 11. d4 cxd4 12. cxd4 e5 13. d5 Nd4 14. Nbd2 Qc8 15. Bd3 Be7 16.
h3 Bh5 17. b4 Qc3 18. Ra3 Qxb4 19. g4 Nxf3+ 20. Nxf3 Bg6 21. Ra7 Nd7 22. Ba3
Qc3 23. Qe2 b4 24. Rc1 {Sutovsky,E (2655)-Tiviakov,S (2643)/Kreta 2007/1-0}) (
9... Rc8 10. axb5 axb5 11. h3 Bxf3 12. Qxf3 g6 13. Qe2 Qb6 14. d3 Bg7 15. Bg5
O-O 16. Nd2 Nd7 17. Reb1 Ra8 18. Nf1 h6 19. Bd2 Rxa1 20. Rxa1 e6 21. h4 d5 22.
exd5 exd5 23. h5 g5 24. d4 {Kaula,R (2350)-Stripunsky,A (2495)/Polanica Zdroj
1995/0-1}) (9... b4 10. h3 Bh5 11. a5 $14) 10. h3 (10. axb5 axb5 11. Rxa8 Qxa8
$14) 10... Bxf3 11. Qxf3 (11. gxf3 $143 b4 $15) 11... Rb8 12. axb5 axb5 13. Qd1
(13. Na3 Bg7 $11) 13... Qb6 (13... Bh6 14. d3 Bg7 15. Be3 $14) 14. d3 Bg7 15.
Be3 O-O 16. d4 cxd4 17. cxd4 Nd7 (17... Na5 18. Nc3 b4 19. Nd5 Nxd5 20. exd5
$11) 18. d5 (18. Nc3 Qb7 $14) 18... Nd4 $11 19. Nc3 Qc5 20. Bb1 (20. Ne2 Nxe2+
21. Rxe2 Qb4 $11) 20... Rfe8 21. f4 Qb4 22. Ra7 Nb6 (22... Red8 23. Bf2 $11)
23. e5 (23. Bf2 e5 24. dxe6 Nxe6 $11) 23... dxe5 $11 24. fxe5 Bxe5 25. Bf2 Bg7
26. Kh2 (26. Re4 $142 $5 Qxb2 27. Bxd4 Bxd4+ 28. Qxd4 $11) 26... Nc4 $17 27.
Ne4 $2 (27. Qg4 $5 Nd2 28. Kh1 Nxb1 29. Rxb1 $17) 27... Rbd8 (27... Ra8 28. Rb7
Qxb2 29. Qc1 Qxc1 30. Rxc1 $19) 28. d6 Nxd6 (28... Nxb2 $6 29. Qc1 $17) 29.
Nxd6 Qxd6+ (29... exd6 $6 30. Rf1 Rf8 31. Kh1 $17) 30. Bg3 (30. Kg1 Qb4 31. Ra2
Ne6 $19) 30... Qb4 (30... Qb6 31. Ra3 $19) 31. Re4 (31. Qc1 Rc8 32. Qf4 Bf6 $19
) 31... Bf6 (31... Qxb2 32. Raxe7 Rxe7 33. Rxe7 $19) 32. Ra6 (32. Ra2 Qc5 $19)
32... Qxb2 33. Bc7 (33. Ra2 Qc3 34. Be1 Qc6 $19) 33... Rc8 (33... Rd7 $142 34.
Rxf6 Rxc7 35. Rxf7 Kxf7 36. Rxd4 Kg7 $19) 34. Ba2 (34. Ra2 Qc3 35. Bf4 $19)
34... Rxc7 35. Rxf6 Qxa2 36. Qxd4 Rc2 (36... Rc2 37. Qg1 Qd5 $19) 0-1

[Event "38. Olympiade"]
[Site "Dresden GER"]
[Date "2008.11.21"]
[Round "8"]
[White "Fressinet, Laurent"]
[Black "Sargissian, Gabriel"]
[Result "0-1"]
[WhiteElo "2676"]
[BlackElo "2642"]
[PlyCount "74"]
[EventDate "2008.11.13"]
[EventType "team"]
[EventRounds "11"]
[EventCountry "GER"]
[Source "Mark Crowther"]
[SourceDate "2008.01.14"]

{E15: Damenindisch (Hauptfortsetzung, Abweichungen)} 1. d4 Nf6 2. Nf3 e6 3. c4
b6 4. g3 Ba6 5. Qc2 Bb7 6. Bg2 c5 7. d5 exd5 8. cxd5 Nxd5 9. O-O Be7 10. Rd1
Qc8 11. Nh4 Bxh4 12. Rxd5 Be7 13. Nc3 Nc6 14. Qf5 $146 (14. Qe4 O-O 15. Rh5 g6
16. Rh3 Bf6 17. Nd5 Qd8 18. Bh6 Bxb2 19. Rd1 Re8 20. Qg4 Re6 21. Bg5 h5 22. Qh4
f6 23. Be3 f5 24. Bg5 Qb8 25. Bf6 Be5 26. Qg5 Kf7 27. Rxh5 Qg8 28. Rh6 Rc8 {
Beliavsky,A (2646)-Almasi,Z (2691)/Kreta 2007/1-0}) (14. Bf4 Nb4 15. Qf5 Nxd5
16. Nxd5 Bxd5 17. Bxd5 O-O 18. Rd1 d6 19. Qe4 Re8 20. Qf3 Rf8 21. Qe4 Re8 22.
Qf3 Rf8 23. Qe4 {Gelfand,B (2733)-Carlsen,M (2690)/Monte Carlo 2007/1/2-1/2}) (
14. Bg5 Bxg5 15. Rxg5 O-O $15) 14... d6 (14... Nb4 15. Rd1 $15) 15. Qh5 (15.
Qxc8+ Rxc8 (15... Bxc8 $2 16. Rxc5 Nd8 17. Rc7 $18 (17. Bxa8 $6 bxc5 18. Nb5 a6
$14)) 16. Rd1 Rd8 $11) 15... O-O (15... Nb4 16. Rd1 $15) 16. Be3 (16. Bg5 Qd7
$15) 16... Nb4 (16... Ne5 $5 $17) 17. Rd2 $15 Bxg2 18. Kxg2 Qc6+ 19. Qf3 Qxf3+
20. Kxf3 f5 21. Bf4 Nc6 22. Rad1 (22. Bxd6 $143 Rad8 23. Bf4 g5 24. Rxd8 Rxd8
$17) 22... Rfd8 (22... Nd4+ 23. Kg2 $11) 23. Kg2 Rd7 24. Bxd6 (24. Rd5 g6 $11)
24... Bf6 25. Na4 (25. Bf4 $5 Rxd2 26. Rxd2 $11) 25... Rad8 $15 26. Bf4 Rxd2
27. Rxd2 (27. Bxd2 $2 Na5 28. Kf1 Nc4 $19) 27... Rxd2 28. Bxd2 Kf7 29. Kf1 Nb4
30. a3 Nd5 31. Ke1 b5 32. Nc3 Nxc3 33. Bxc3 Bxc3+ 34. bxc3 a5 35. c4 $2 (35.
Kd2 $142 $17) 35... b4 $19 36. a4 (36. Kd2 g5 $19) 36... g5 37. e3 $4 (37. Kd2
$142 $19) 37... g4 (37... g4 38. Kd2 Kf6 $19) 0-1

[Event "38. Olympiade"]
[Site "Dresden GER"]
[Date "2008.11.21"]
[Round "8"]
[White "Hug, Werner"]
[Black "Quinn, Mark"]
[Result "1-0"]
[WhiteElo "2448"]
[BlackElo "2401"]
[PlyCount "75"]
[EventDate "2008.11.13"]
[EventType "team"]
[EventRounds "11"]
[EventCountry "GER"]
[Source "Mark Crowther"]
[SourceDate "2008.01.14"]

{A41: Moderne Verteidigung gegen 1.d4 (mit oder ohne späterem e2-e4 und Sf6)} 
1. d4 d6 2. Nf3 Bg4 3. c3 c6 4. Nbd2 (4. Qb3 Qc7 5. Bf4 Nd7 6. h3 Bh5 7. Nbd2
Ngf6 8. g4 Bg6 9. Nh4 e5 10. Nxg6 hxg6 11. Bh2 Qb6 12. e3 Be7 13. Nc4 Qxb3 14.
axb3 exd4 15. exd4 Kd8 16. Nxd6 Bxd6 17. Bxd6 Nxg4 18. Bg2 Re8+ {Silva,F (2362)
-Fernandes,A (2473)/Lissabon 2003/1-0}) 4... Nd7 (4... Nf6 5. Qb3 Qc7 6. Ng5 e6
7. f3 Bh5 8. e4 d5 9. e5 Nfd7 10. Nh3 f6 11. f4 Be7 12. Bd3 c5 13. c4 fxe5 14.
cxd5 cxd4 15. dxe6 Nc5 16. Bb5+ Nc6 17. Qd5 Rd8 18. Bxc6+ bxc6 19. Qc4 {
Birkenmaier,R (2131)-Popchev,M (2442)/Schwaebisch Gmuend 2005/0-1}) 5. h3 Bh5
6. e4 $146 (6. g4 Bg6 7. Nh4 e5 8. Nxg6 hxg6 9. Bg2 Ngf6 10. Qb3 Qc7 11. a4
exd4 12. cxd4 d5 13. a5 a6 14. Nb1 Bd6 15. Nc3 O-O-O 16. Bd2 Kb8 17. g5 {
Markovic,M (2306)-Drazic,S (2474)/Pancevo 2002/1/2-1/2}) (6. Qb3 Qb6 7. e4 e5
8. Bc4 Qxb3 9. Nxb3 Ngf6 10. Nfd2 Bg6 11. f3 d5 12. exd5 Nxd5 13. Bxd5 cxd5 14.
O-O f6 15. f4 exf4 16. Nf3 Bd6 17. Nh4 Bd3 18. Rf3 Be4 19. Bxf4 Bxf3 20. Bxd6
Be4 {Antonov-Rakhmangulov,A (2344)/Nikolaev 2001/0-1}) 6... e6 7. g3 (7. Bd3
Ngf6 $11) 7... d5 (7... Ngf6 8. Rb1 $11) 8. Bg2 Ngf6 9. Qe2 Nxe4 10. Nxe4 dxe4
11. Qxe4 Bd6 12. O-O O-O 13. Nd2 Nf6 14. Qc2 h6 15. Qb3 Rb8 16. Nc4 Bc7 17. Re1
Nd7 18. Be3 Nb6 (18... Bg6 19. Qd1 $11) 19. a4 (19. Ne5 Re8 $14) 19... Nd5 20.
Bd2 a5 21. Ne5 f6 22. Nd3 Bf7 23. Qd1 b6 24. Qg4 h5 25. Qf3 h4 26. gxh4 Qd6 27.
h5 c5 28. h6 (28. Qg4 Qh2+ 29. Kf1 f5 $16) 28... c4 $14 29. hxg7 Rfe8 (29...
Kxg7 $4 30. Qg4+ Bg6 31. Rxe6 $18) 30. Ne5 fxe5 31. dxe5 (31. Rxe5 $143 Qe7 32.
Rg5 Qf6 $11) 31... Qd7 32. Qg4 Rec8 33. Bg5 (33. Qxc4 $6 Bg6 $11 (33... Kxg7
$143 34. Qg4+ Bg6 35. c4 $16)) 33... Be8 (33... Qe8 34. Qh4 Bh5 $16) 34. Rad1
$18 Qxg7 (34... Bd8 35. Rxd5 exd5 36. e6 Qxg7 37. e7 Bxe7 38. Bxd5+ (38. Bxe7
$6 Qxg4 39. hxg4 Bf7 $11) 38... Bf7 39. Bxf7+ Qxf7 40. Rxe7 $18 (40. Bxe7+ $6
Qg7 $16)) 35. Qxe6+ Bf7 (35... Kh8 36. Qg4 (36. Bxd5 $6 Qxg5+ 37. Kh1 Bxa4 $11)
36... Bd8 37. Bxd8 (37. Rxd5 $6 Bxg5 38. Re4 Be7 $11 (38... Bxa4 39. e6 Rg8 40.
Qh5+ (40. Rxc4 $6 Bb3 $11) 40... Bh6 41. Rg4 $18)) (37. Bxd5 $6 Qxg5 38. f4
Qxg4+ 39. hxg4 Bxa4 $11) 37... Rxd8 38. Rxd5 Rxd5 39. Bxd5 $18) 36. Qg4 Nxc3
37. bxc3 Bxe5 38. Rxe5 1-0

[Event "TCh-ESP CECLUB Final"]
[Site "Motril ESP"]
[Date "2008.11.02"]
[Round "3"]
[White "Ivanchuk, Vassili"]
[Black "Shirov, Alexander"]
[Result "0-1"]
[WhiteElo "2786"]
[BlackElo "2726"]
[PlyCount "62"]
[EventDate "2008.11.01"]
[EventType "team-tourn"]
[EventRounds "3"]
[EventCountry "ESP"]
[Source "Mark Crowther"]
[SourceDate "2008.01.14"]

{B90: Sizilianisch (Najdorf-Variante, Abweichungen)} 1. e4 c5 2. Nf3 d6 3. d4
cxd4 4. Nxd4 Nf6 5. Nc3 a6 6. Be3 e5 7. Nb3 Be7 8. Qd2 O-O 9. O-O-O a5 $146 (
9... Be6 10. f4 Ng4 11. g3 Nd7 12. Kb1 b5 13. f5 Bc4 14. Be2 Ngf6 15. Bd3 b4
16. Bxc4 bxc3 17. Qxc3 Nxe4 18. Qd3 Nef6 19. g4 Nxg4 20. Rhg1 Nxe3 21. Qxe3 Qb6
22. Qd2 Rac8 23. Bd5 Kh8 24. Rg4 {Bartel,M (2602)-Yilmaz,M (2387)/Dresden GER
2008/1-0}) (9... b5 10. Kb1 Nbd7 11. Nd5 Nxd5 12. exd5 Bb7 13. c4 bxc4 14. Bxc4
a5 15. a4 Nf6 16. Rc1 {Ni Hua (2710)-Ghaem Maghami,E (2599)/Beijing CHN 2008/1/
2-1/2}) (9... Qc7 10. f3 {Ashwin,J (2399)-Roeder,M (2444)/Balaguer 2007/1/2-1/2
}) 10. Kb1 a4 11. Nc1 a3 12. b3 Be6 (12... Ng4 13. Nd5 Nxe3 14. Nxe7+ Qxe7 15.
fxe3 $15) 13. h3 (13. f3 Ra5 $11) 13... Ra5 14. g4 d5 15. g5 d4 16. gxf6 Bxf6
17. Qe1 Nd7 (17... Qc7 $5 18. Nb5 Qb6 $14) 18. Nd5 (18. f4 Rc5 19. Nb5 dxe3 $18
) 18... Rxd5 (18... dxe3 19. Nxf6+ gxf6 20. Rg1+ Kh8 21. Qxe3 $16) 19. exd5 $16
Bxd5 20. Rg1 Qc7 21. Bg5 Rc8 22. c4 dxc3 (22... b5 23. Bxf6 Nxf6 24. Ka1 bxc4
25. bxc4 Bxc4 26. Bxc4 Qxc4 27. Nb3 $16) 23. Rxd5 c2+ 24. Ka1 e4+ 25. Bxf6 Nxf6
26. Rb5 Rd8 27. Bc4 Rd1 28. Qa5 Qd7 29. Rd5 $4 (29. Qa8+ $142 Ne8 30. Bxf7+
Qxf7 31. Re5 $16) 29... Rxg1 $15 30. Qa8+ $4 (30. Qxa3 $142 Qe8 31. Ra5 Rxc1+
32. Qxc1 $15) 30... Qe8 $19 31. Qxa3 Nxd5 (31... Nxd5 32. Kb2 e3 $19) 0-1

[Event "Casino de Barcelona"]
[Site "Barcelona ESP"]
[Date "2008.11.02"]
[Round "4"]
[White "Jobava, Baadur"]
[Black "Dreev, Alexey"]
[Result "0-1"]
[WhiteElo "2664"]
[BlackElo "2670"]
[PlyCount "50"]
[EventDate "2008.10.30"]
[EventType "tourn"]
[EventRounds "9"]
[EventCountry "ESP"]
[EventCategory "14"]
[Source "Mark Crowther"]
[SourceDate "2008.01.14"]

{B66: Sizilianisch (Richter/Rauser-Angriff)} 1. e4 c5 2. Nf3 Nc6 3. d4 cxd4 4.
Nxd4 Nf6 5. Nc3 d6 6. Bg5 e6 7. Qd2 a6 8. O-O-O Be7 9. f4 Nxd4 10. Qxd4 b5 11.
Bxf6 gxf6 12. Be2 Rb8 (12... Qa5 13. e5 fxe5 14. fxe5 d5 15. Bh5 Rf8 16. Nxd5
exd5 17. Qxd5 Ra7 18. Qc6+ Bd7 19. Rxd7 Rxd7 20. e6 Qc7 21. exd7+ Qxd7 22. Qxa6
{Svidler,P (2713)-Kramnik,V (2751)/Internet ICC 1999/1-0}) 13. Bh5 $146 (13.
Bf3 Qb6 14. Qd2 a5 (14... Bd7 15. Rhe1 b4 16. Ne2 e5 17. Ng3 Be6 18. Kb1 Qa5
19. b3 Qc5 20. Nf1 exf4 21. Qxf4 a5 22. Bg4 Rc8 23. Ne3 a4 24. Bxe6 fxe6 25.
Nc4 axb3 26. cxb3 Rg8 27. g3 Rc6 28. Qh6 Kd7 29. e5 {Porrasmaa,T (2120)
-Saastamoinen,A (2175)/Savonlinna 1997/0-1}) 15. Ne2 O-O 16. g4 a4 17. f5 a3
18. b3 Qc5 19. Rhg1 Qe5 20. Nd4 Bb7 21. h4 Rfd8 22. Rde1 Rbc8 23. g5 Kf8 24. g6
hxg6 25. fxg6 fxg6 26. Rxg6 Ke8 27. Bg4 Bxe4 {Bodnaruk,A (2270)-Kostyuchenko,V
(2152)/St Petersburg 2007/1-0}) 13... b4 14. Ne2 Qa5 15. f5 (15. Bf3 $5 $14)
15... Qxa2 $15 16. fxe6 Bxe6 17. Nf4 O-O 18. Kd2 Qa5 (18... Rfc8 19. Ra1 Rc4
20. Rxa2 Rxd4+ 21. Ke3 $15) 19. Nd5 Bxd5 20. exd5 f5 21. h4 Qd8 22. Qd3 Bf6 23.
Kc1 $2 (23. Rb1 $142 $15) 23... Bg7 $19 24. Qxf5 Qa5 (24... b3 25. cxb3 Rxb3
$19) 25. Kd2 $4 (25. Rh3 $142 Qa1+ 26. Kd2 Qxb2 27. Rb3 Qd4+ 28. Kc1 Qa1+ 29.
Kd2 $19) 25... Rbe8 $19 (25... Rbe8 26. Rhf1 Bh6+ 27. Rf4 Bxf4+ 28. Qxf4 Qxd5+
29. Kc1 Qxh5 30. Qxb4 Re2 $19) 0-1